| 000 | 01483nam a2200265 4500 | ||
|---|---|---|---|
| 001 | 162125 | ||
| 003 | ES-MaACL | ||
| 005 | 20230906212432.0 | ||
| 008 | 950110m18551860sp f |||| | spa d | ||
| 040 |
_aEUS _bspa _cEUS |
||
| 080 | _a929.52(460) | ||
| 080 | _a929.64(460) | ||
| 100 | 1 |
_aPiferrer, Francisco. _991985 |
|
| 245 | 1 | 0 |
_aNobiliario de los reinos y señoríos de España _b: contiene las armas y blasones de los reinos, provincias, ciudades, villas y principales pueblos de España, con todos los apellidos que se encuentran en los tratados de heráldica y nobiliarios más autorizados, ... / _cpor Francisco Piferrer ; ilustrado con un diccionario de Heráldica por el Doctor en Jurisprudencia Don José Fernández de la Puente y Acevedo. |
| 260 |
_aMadrid : _b[s.n.], _c1855-1860 ( _fImp. y Fundición de Eusebio Aguado) |
||
| 300 |
_a6 v. : _bil. ; _c28 cm. |
||
| 500 | _a"Adornado con más de dos mil escudos de armas por acreditados artistas, heraldos y profesores de bellas artes" | ||
| 594 | _aA partir del t. III: revisado por Antonio Rújula y Busel. | ||
| 596 | _aVol. 2 impreso en la Imprenta de la Viuda de Palacios; v. 3-6 impresos en la Imprenta de M. Minuesa. | ||
| 650 | 0 | 4 |
_aHeráldica- _zEspaña. _913317 |
| 651 | 4 |
_aEspaña- _xGenealogía. _98199 |
|
| 700 | 1 |
_aRújula y Busel, Antonio. _9132239 |
|
| 700 | 0 |
_aFernández de la Puente y Acevedo, José. _949674 |
|
| 852 |
_aES-MaACL _jR-2709-14 _z-- Enc. hol. con puntas _x Olim:C-2077-82 |
||
| 999 |
_c162125 _d162125 |
||